000 00311nam a22001457a 4500
008 210518b ||||| |||| 00| 0 eng d
020 _a9780070042841
041 _aeng
080 _a621
082 _a621
100 _a26
101 _aMEK
245 _aMechanics of Materials
_cBeer,F.P
942 _2udc
_cBK
999 _c57449
_d57449